Statistics for Last Names in U.S. History #2

Click here to take the quiz!

General Stats

  • This quiz has been taken 13,724 times
  • The average score is 14 of 21

Answer Stats

First NamesLast Name% Correct
Benjamin, ArethaFranklin
98%
James, MarilynMonroe
98%
Ella, Zelda, F. ScottFitzgerald
92%
Gene, Grace, Machine GunKelly
89%
Bette, Miles, JeffersonDavis
81%
Bruce, Stan, HarperLee
76%
Cassius, HenryClay
75%
Jackie, SmokeyRobinson
72%
Jesse, Etta, HenryJames
71%
Zachary, ElizabethTaylor
70%
John, Ansel, SamuelAdams
61%
Howard, LangstonHughes
60%
Ginger, Will, RoyRogers
60%
Bill, George, DeWittClinton
59%
Benjamin, William HenryHarrison
59%
Jimmy, Lynda, RubinCarter
58%
Dred, George C., WinfieldScott
57%
Josephine, Chet, Home RunBaker
40%
Arthur, GlennMiller
40%
Kit, Johnny, RachelCarson
39%
Charlie, Dorothy, Colonel TomParker
34%

Score Distribution

Percentile by Number Answered

Percent of People with Each Score

Your Score History

You have not taken this quiz